000 00370cam a2200145ua 4500
003 OSt
008 241223b |||||||| |||| 00| 0 eng d
041 _aeng
082 _a621.3
_bYER/SM
100 _aYermolin, N P .
_96543
245 _aSmall electrical machines /
260 _aDelhi :
_bRaykamal Prakasham Private Limited ,
_c1963.
300 _a240 ; .
942 _cBK
999 _c1466
_d1466